The mystical vision of existence in classical Islam : the Qur'anic hermeneutics of the sufi Sahl At-Tustari (d.283/896)

Bibliographic Details
Main Author: Bowering, Gerhard , 1939- (Author)
Format: Book
Published: Berlin : Walter de Gruyter , 1980
Subjects:

MARC

LEADER 00000cam a2200000 7i4500
001 0000004621
005 20220116093000.0
008 021118s1980
020 |a 3110075466 
090 0 0 |a BP166.23   |b .B63 
100 1 |a Bowering, Gerhard ,   |d 1939- ,   |e author 
245 1 4 |a The mystical vision of existence in classical Islam :   |b the Qur'anic hermeneutics of the sufi Sahl At-Tustari (d.283/896)   |c Gerhard Bowering 
260 2 |a Berlin :   |b Walter de Gruyter ,   |c 1980 
300 |a ix, 286 p. ;   |c 25 cm. 
504 |a Includes bibliographical references (p. 267-271) and index 
600 0 0 |a Tustari, Sahl ibn Abd Allah ,   |d 818 or 19-896? 
630 0 0 |a Qur'an   |x Criticism, interpretation, etc.   |v Biography 
650 0 |a Creation (Islam) 
650 0 |a Sufism   |x Doctrines 
999 |a 1000006322   |b Book   |c OPEN SHELF (30 DAYS)   |e Gong Badak Campus